000 00510nam a2200181 i 4500
001 45045
003 ES-MaACL
005 20230906161137.0
007 t|
008 030325s1967 sp ||||1| spa d
100 1 _aClavell, James.
_939117
245 1 0 _aTai-Pan /
_cJames Clavell ; [traducción Fernando Corripio].
250 _a[1ª ed.].
260 _aBarcelona, etc. :
_bBruguera,
_c[1967]
300 _a710 p. ;
_c22 cm.
700 1 _aCorripio, Fernando.
_940787
852 _aES-MaACL
_jC-31863
_bR.62331
999 _c45045
_d45045